Wine Producing Countries - Statistics

General Stats
  • This quiz has been taken 52 times
  • The average score is 17 of 20
Answer Stats
Answer Production (HL) % Correct
Italy 38.3 M
100%
Spain 28.3 M
100%
France 48 M
98%
Argentina 8.8 M
96%
Australia 9.6 M
96%
Germany 8.6 M
96%
Greece 1.4 M
94%
Portugal 7.5 M
94%
United States 24.3 M
94%
Brazil 3.6 M
90%
Chile 11 M
90%
China 3.2 M
90%
New Zealand 3.6 M
90%
South Africa 9.3 M
86%
Austria 2.4 M
82%
Russia 4.5 M
80%
Hungary 2.4 M
72%
Romania 4.6 M
72%
Moldova 1.8 M
40%
Georgia 1.9 M
36%
No matching quizzes found
Score Distribution
Percent of People with Each Score
Percentile by Number Answered
Your Score History
You have not taken this quiz